|
|
|
|
| LEADER |
00000nam0a2200000 4500 |
| 001 |
271328 |
| 005 |
20231101234427.0 |
| 020 |
|
|
|a RU
|b 87-56252
|
| 035 |
|
|
|a (RuTPU)RU\TPU\book\294509
|
| 090 |
|
|
|a 271328
|
| 100 |
|
|
|a 20141007d1987 km y0rusy5003 ca
|
| 101 |
0 |
|
|a rus
|
| 102 |
|
|
|a RU
|
| 105 |
|
|
|a a a 001zy
|
| 200 |
1 |
|
|a Гибкие автоматизированные производства (1980-1985 гг.)
|e аннотированный указатель изобретений
|f Академия наук СССР (АН СССР), Сибирское отделение (СО), Государственная публичная научно-техническая библиотека (ГПНТБ)
|
| 210 |
|
|
|a Новосибирск
|c Изд-во ГПНТБ
|d 1987
|
| 215 |
|
|
|a 323 с.
|d 22 см
|c ил.
|
| 320 |
|
|
|a Нумерационный указатель: с. 302-307
|
| 320 |
|
|
|a Систематический указатель: с. 308-312
|
| 320 |
|
|
|a Алфавитный указатель организаций и фйирм-заявителей : с. 312-322
|
| 606 |
1 |
|
|a Библиографические пособия
|x Отраслевые
|2 stltpush
|3 (RuTPU)RU\TPU\subj\28539
|9 52057
|
| 606 |
1 |
|
|a Гибкие производственные системы
|2 stltpush
|3 (RuTPU)RU\TPU\subj\6412
|9 34297
|
| 610 |
1 |
|
|a авторские свидетельства
|
| 610 |
1 |
|
|a патенты
|
| 610 |
1 |
|
|a указатели
|
| 610 |
1 |
|
|a гибкие автоматизированные производства
|
| 610 |
1 |
|
|a изобретения
|
| 675 |
|
|
|a 658.52.011.56.012.3(01)
|z rus
|v 3
|
| 686 |
|
|
|a Я19
|v LBC/SL-A
|2 rubbk
|
| 712 |
0 |
2 |
|a Академия наук СССР (АН СССР)
|b Сибирское отделение (СО)
|b Государственная публичная научно-техническая библиотека (ГПНТБ)
|c (Новосибирск)
|2 stltpush
|3 (RuTPU)RU\TPU\col\7241
|
| 801 |
|
0 |
|a RU
|b RuMRKP
|c 19960705
|g psbo
|
| 801 |
|
1 |
|a RU
|b 63413507
|c 20141007
|
| 801 |
|
2 |
|a RU
|b 63413507
|c 20161208
|g RCR
|
| 942 |
|
|
|c BK
|